| 000 | 00538nam a22001817a 4500 | ||
|---|---|---|---|
| 005 | 20231114073203.0 | ||
| 008 | 231114b |||||||| |||| 00| 0 eng d | ||
| 020 | _a0409056197 ; 0409056200 | ||
| 041 | _aAfrikaans | ||
| 082 | _a345 SNY | ||
| 100 |
_aSnyman, CR _lAfrikaans |
||
| 245 |
_aStrafreg / _cCR Snyman |
||
| 250 | _aTweede Uitgawe | ||
| 260 |
_aDurban : _bButterworth-Uitgweres (Edms) Bpk, _c1986 |
||
| 300 |
_bxv, 644 pages ; _c25,5 cm. |
||
| 650 |
_aLegal practice _bLaw |
||
| 942 |
_cBK _6ALISON_BN_VRIES |
||
| 999 |
_c603 _d603 |
||